California by Chappell Roan - All Lyrics - Statistics

General Stats
  • This quiz has been taken 46 times
  • The average score is 177 of 240
Answer Stats
Answer % Correct
I
96%
I
96%
California,
92%
California
92%
my
92%
My
92%
To
92%
to
92%
me
88%
no
88%
No
88%
the
88%
you
88%
get
83%
miss
83%
Missouri,
83%
Missouri
83%
out
83%
are
79%
But
79%
but
79%
Come
79%
go"
79%
go.
79%
in
79%
of
79%
sea
79%
seasons
79%
brown
75%
had
75%
it
75%
should
75%
then
75%
almost
71%
be
71%
cool
71%
down.
71%
dying
71%
going
71%
going,
71%
I'd
71%
let
71%
maybe
71%
town
71%
want
71%
where
71%
and
67%
And
67%
happened
67%
"If
67%
leaves
67%
most
67%
never
67%
that
67%
things
67%
think
67%
was
67%
yet,
67%
across
63%
always
63%
'Cause
63%
'Cause
63%
dreams
63%
four
63%
gonna
63%
hasn't
63%
make
63%
proud
63%
states
63%
Thought
63%
told
63%
wasn't
63%
people
58%
say
58%
love
54%
stretched
54%
could
50%
for
50%
lands,
50%
myself
50%
New
50%
not
50%
stay
50%
sun
50%
Too
50%
lay
46%
reasons
46%
trade
42%
endless
42%
Even
42%
find
42%
foam
42%
hard
42%
persuade
42%
true
42%
west
42%
amber
38%
coast,
38%
rays
38%
clay
33%
roads
25%
No matching quizzes found
Score Distribution
Percent of People with Each Score
Percentile by Number Answered
Your Score History
You have not taken this quiz